Normal view MARC view
  • Mamoona Noreen

Entry Personal Name

Number of records used in: 2

001 - CONTROL NUMBER

  • control field: 3239

003 - CONTROL NUMBER IDENTIFIER

  • control field: NUST

005 - DATE AND TIME OF LATEST TRANSACTION

  • control field: 20170711171436.0

008 - FIXED-LENGTH DATA ELEMENTS

  • fixed length control field: 170711|| aca||aabn | a|a d

040 ## - CATALOGING SOURCE

  • Original cataloging agency: NUST
  • Transcribing agency: NUST

100 ## - HEADING--PERSONAL NAME

  • Personal name: Mamoona Noreen

670 ## - SOURCE DATA FOUND

  • Source citation: Work cat.: (NUST): Mamoona Noreen, TH-PhD-Independent and associative functions of IKKs and c-Myc in cancer, 2015.
© 2023 Central Library, National University of Sciences and Technology. All Rights Reserved.